000 00948nam a22002897a 4500
003 CHAP
005 20220329134514.0
008 971013s r 00010 d
010 _a21321
011 _a22293
035 _a26387
040 _cCHAP
090 _aR-1624
100 0 0 _aDriggers, Byrley F.
_934237
245 _aGalls on stems of cultivated blueberry (Vaccinium corymbosum) caused a chalcidoid Hemadas nubilipennis Ashm
500 _aSobretiro de : Journal of the New York Entomological Society, 35: 253-259, 1927
590 _aBATCH-UPD
_b10
_c20130110
_lUCH01
_h2055
590 _aBATCH-UPD
_b10
_c20130410
_lUCH01
_h1408
590 _aBATCH-UPD
_b10
_c20130914
_lUCH01
_h0357
590 _aCONVERSION
_b10
_c20130109
_lUCH01
_h1313
650 1 4 _aArĂ¡ndano
_xPlagas.
_97295
650 1 4 _aCecidias.
_920823
650 1 4 _aHemadas nubilipennis.
_953493
901 _aBK
942 _cREIMP
949 _bBC
_cR
_d-60870
_eTS1
_i26387
_mD
_si
999 _c21321
_d21321